00730naa#a2200169#i#4500001001600000005001700016011001400033100004100047102000700088200022000095210005200315215001100367608002700378675011300405700002100518856002100539EN\\bibl\12232920260516015757.6##a1998-6785##a20230921b2023####ek#y0engy0150####ca##aRU1#aHistoriography of the theme of Russian abroad (Based on publications in the magazines "Russia and the Asia-Pacific region", "Ojkumena. Regional researches" and "Oriental Institute Journal"). Part 2eJournal article1#aVladivostokcVladivostok State Universityd2023##a10 с.##aJournal article2local##aИсторическая наука. Вспомогательные исторические науки. 930#1aKaramangVadim N4#avvgu.editorum.ru